<?xml version="1.0" encoding="UTF-8"?>
<collection xmlns="http://www.loc.gov/MARC21/slim">
<record>
  <controlfield tag="001">79345</controlfield>
  <controlfield tag="005">20241220120714.0</controlfield>
  <datafield tag="024" ind1="7" ind2=" ">
    <subfield code="2">doi</subfield>
    <subfield code="a">10.4000/ethnoecologie.3146</subfield>
  </datafield>
  <datafield tag="024" ind1="8" ind2=" ">
    <subfield code="2">sideral</subfield>
    <subfield code="a">99861</subfield>
  </datafield>
  <datafield tag="037" ind1=" " ind2=" ">
    <subfield code="a">ART-2017-99861</subfield>
  </datafield>
  <datafield tag="041" ind1=" " ind2=" ">
    <subfield code="a">fra</subfield>
  </datafield>
  <datafield tag="100" ind1=" " ind2=" ">
    <subfield code="a">Naciri Azzouz, Amina</subfield>
    <subfield code="u">Universidad de Zaragoza</subfield>
    <subfield code="0">(orcid)0000-0002-5209-3339</subfield>
  </datafield>
  <datafield tag="245" ind1=" " ind2=" ">
    <subfield code="a">Une approche ethnolinguistique sur le lexique de l’élevage chez les Jbala et les Ghomara</subfield>
  </datafield>
  <datafield tag="260" ind1=" " ind2=" ">
    <subfield code="c">2017</subfield>
  </datafield>
  <datafield tag="506" ind1="0" ind2=" ">
    <subfield code="a">Access copy available to the general public</subfield>
    <subfield code="f">Unrestricted</subfield>
  </datafield>
  <datafield tag="520" ind1="3" ind2=" ">
    <subfield code="a">L’élevage est l’une des activités de l’économie traditionnelle et de subsistance dans la région des Jbala. Cependant, les changements socio-économiques qui ont lieu dans le nord-ouest marocain ont comme conséquence la disparition d’un patrimoine culturel dont la langue quotidienne pour nommer les techniques ou l’environnement fait partie. Ce travail présente un petit corpus du lexique portant sur l’élevage, recueilli sur place avec les paysan/nes impliqué/es dans cette activité. Nous nous sommes focalisées sur certains termes très intéressants au moyen d’une analyse linguistique ainsi que de données ethnographiques.

Livestock is one of the activities of the traditional subsistence economy in the Jbala region. Nevertheless, socio-economic changes taking place in Northwestern Morocco are displacing this activity and along with it, the rich vocabulary related to it. This research discusses a small corpus of lexicon related to livestock gathered in situ with the peasants involved in this activity. We have focused on several interesting terms by providing a linguistic analysis and some ethnographical data.</subfield>
  </datafield>
  <datafield tag="540" ind1=" " ind2=" ">
    <subfield code="9">info:eu-repo/semantics/openAccess</subfield>
    <subfield code="a">by-nc-nd</subfield>
    <subfield code="u">http://creativecommons.org/licenses/by-nc-nd/3.0/es/</subfield>
  </datafield>
  <datafield tag="655" ind1=" " ind2="4">
    <subfield code="a">info:eu-repo/semantics/article</subfield>
    <subfield code="v">info:eu-repo/semantics/acceptedVersion</subfield>
  </datafield>
  <datafield tag="700" ind1=" " ind2=" ">
    <subfield code="a">Vicente Sánchez, Ángeles</subfield>
    <subfield code="u">Universidad de Zaragoza</subfield>
    <subfield code="0">(orcid)0000-0001-8073-7309</subfield>
  </datafield>
  <datafield tag="710" ind1="2" ind2=" ">
    <subfield code="1">3008</subfield>
    <subfield code="2">285</subfield>
    <subfield code="a">Universidad de Zaragoza</subfield>
    <subfield code="b">Dpto. Hª.Medieval,CC.TT.Histo.</subfield>
    <subfield code="c">Área Estudios Arabes Islámicos</subfield>
  </datafield>
  <datafield tag="773" ind1=" " ind2=" ">
    <subfield code="g">supp. 1 (2017), [27 pp.]</subfield>
    <subfield code="p">Rev. ethnoécologie</subfield>
    <subfield code="t">Revue d'ethnoécologie</subfield>
  </datafield>
  <datafield tag="856" ind1="4" ind2=" ">
    <subfield code="s">1787115</subfield>
    <subfield code="u">http://zaguan.unizar.es/record/79345/files/texto_completo.pdf</subfield>
    <subfield code="y">Postprint</subfield>
  </datafield>
  <datafield tag="856" ind1="4" ind2=" ">
    <subfield code="s">40816</subfield>
    <subfield code="u">http://zaguan.unizar.es/record/79345/files/texto_completo.jpg?subformat=icon</subfield>
    <subfield code="x">icon</subfield>
    <subfield code="y">Postprint</subfield>
  </datafield>
  <datafield tag="909" ind1="C" ind2="O">
    <subfield code="o">oai:zaguan.unizar.es:79345</subfield>
    <subfield code="p">articulos</subfield>
    <subfield code="p">driver</subfield>
  </datafield>
  <datafield tag="951" ind1=" " ind2=" ">
    <subfield code="a">2024-12-20-12:05:28</subfield>
  </datafield>
  <datafield tag="980" ind1=" " ind2=" ">
    <subfield code="a">ARTICLE</subfield>
  </datafield>
</record>
</collection>